MARC

LEADER 00000nam2a2200000 4500
001 669830
005 20231211130437.0
090 |a 669830 
100 |a 20080404d1980 k||y0rusy50 ca 
101 0 |a rus 
102 |a RU 
105 |a a|||z|||001yy 
181 0 |a i   |b  e  
182 0 |a n 
183 0 |a nc  |2 RDAcarrier 
200 0 |a Вып. 1  |f под ред. Л. П. Филиппова, М. И. Шахпаронова 
203 |a Текст  |b визуальный  |c непосредственный 
210 |d 1972 
215 |a 247 с.  |c ил. 
283 |a volume  |2 RDAcarrier 
320 |a Библиография в конце статей 
461 1 |0 134867  |t Физика и физико-химия жидкостей  |v Вып. 1  |d 1972-1980  |9 134867  |c Москва  |n Изд-во Московского ун-та  |o сборник статей 
606 1 |a Жидкости  |x (физика)  |2 stltpush  |3 (RuTPU)RU\TPU\subj\10910  |9 37915 
610 1 |a жидкие вещества 
610 1 |a теория подобия 
610 1 |a применение 
610 1 |a систематические исследования 
610 1 |a жидкие системы 
610 1 |a равновесные свойства 
610 1 |a кинетические свойства 
610 1 |a водные растворы 
610 1 |a радиоспектроскопия 
610 1 |a многомолекулярные жидкости 
610 1 |a быстропротекающие процессы 
610 1 |a кинетика 
610 1 |a коллективные реакции 
675 |a 532  |v 4  |z rus 
702 1 |a Филиппов  |b Л. П.  |4 340 
702 1 |a Шахпаронов  |b М. И.  |4 340 
801 1 |a RU  |b 63413507  |c 20080404  |g PSBO 
801 0 |a RU  |b 63413507  |c 20231204  |g PSBO 
942 |c CR